00329 a2200145 450000100060000002000150000604000240002110000240004524000300006924500250009930000060012436200090013044000130013965000310015270022 a8526243705 cAnchieta - Itaigara aKeumoun, Hubert Ben10aO pintor de aquarelalpor10aO pintor de aquarela a 0 a2002 1aScipione 4aLiteratura infanto-juvenil